[Event "NDVM 2019 U14w"]
[Site "?"]
[Date "2019.09.13"]
[Round "4.1"]
[White "Roncea, Andreea-Alexandra"]
[Black "Hellenbroich, Helene"]
[Result "1-0"]
[BlackElo "1105"]
[WhiteElo "1677"]
[LiveChessVersion "1.4.8"]

1. e4 {[%clk 1:30:59]} e6 {[%clk 1:30:48]} 2. d4 {[%clk 1:31:19]} d5
{[%clk 1:31:11]} 3. e5 {[%clk 1:31:44]} c5 {[%clk 1:31:33]} 4. c3
{[%clk 1:32:06]} Nc6 {[%clk 1:31:55]} 5. Nf3 {[%clk 1:32:16]} b6 {[%clk 1:30:50]}
6. Be3 {[%clk 1:31:15]} Bd7 {[%clk 1:28:40]} 7. Bd3 {[%clk 1:29:20]} cxd4
{[%clk 1:26:40]} 8. cxd4 {[%clk 1:27:01]} Nb4 {[%clk 1:24:20]} 9. Nc3
{[%clk 1:25:01]} Ne7 {[%clk 1:20:28]} 10. Bb1 {[%clk 1:23:31]} Bc8
{[%clk 1:18:02]} 11. O-O {[%clk 1:21:51]} Ba6 {[%clk 1:15:33]} 12. Re1
{[%clk 1:20:56]} g6 {[%clk 1:14:06]} 13. Qa4+ {[%clk 1:19:06]} Nec6
{[%clk 1:13:49]} 14. a3 {[%clk 1:18:12]} Nd3 {[%clk 1:13:55]} 15. Bxd3
{[%clk 1:18:21]} Bxd3 {[%clk 1:14:16]} 16. Qxc6+ {[%clk 1:18:27]} 1-0

[Event "NDVM 2019 U14w"]
[Site "?"]
[Date "2019.09.13"]
[Round "4.2"]
[White "Alscher, Anouk"]
[Black "Zoellner, Bente"]
[Result "0-1"]
[BlackElo "1619"]
[WhiteElo "1082"]
[LiveChessVersion "1.4.8"]

1. e4 {[%clk 1:30:58]} c5 {[%clk 1:30:57]} 2. Bc4 {[%clk 1:31:04]} Nc6
{[%clk 1:31:19]} 3. Nf3 {[%clk 1:31:07]} Nf6 {[%clk 1:31:24]} 4. Nc3
{[%clk 1:30:22]} g6 {[%clk 1:31:32]} 5. d3 {[%clk 1:29:03]} Bg7 {[%clk 1:31:32]}
6. Qe2 {[%clk 1:27:04]} a6 {[%clk 1:30:43]} 7. a3 {[%clk 1:25:58]} b5
{[%clk 1:30:20]} 8. Ba2 {[%clk 1:24:34]} d6 {[%clk 1:29:32]} 9. Nd5
{[%clk 1:23:38]} Bd7 {[%clk 1:27:23]} 10. Nxf6+ {[%clk 1:21:12]} Bxf6
{[%clk 1:27:38]} 11. O-O {[%clk 1:17:34]} O-O {[%clk 1:27:53]} 12. c3
{[%clk 1:17:04]} a5 {[%clk 1:25:39]} 13. Bd5 {[%clk 1:13:27]} Rb8
{[%clk 1:24:20]} 14. Bh6 {[%clk 1:12:45]} Bg7 {[%clk 1:24:14]} 15. Bxg7
{[%clk 1:11:57]} Kxg7 {[%clk 1:24:37]} 16. Bxc6 {[%clk 1:11:20]} Bxc6
{[%clk 1:24:58]} 17. Rac1 {[%clk 1:09:55]} b4 {[%clk 1:25:05]} 18. cxb4
{[%clk 1:09:54]} axb4 {[%clk 1:25:27]} 19. axb4 {[%clk 1:09:40]} Rxb4
{[%clk 1:25:44]} 20. Rc4 {[%clk 1:08:13]} Qb6 {[%clk 1:24:55]} 21. Rxb4
{[%clk 1:08:21]} Qxb4 {[%clk 1:25:16]} 22. Qc2 {[%clk 1:07:19]} Rb8
{[%clk 1:23:50]} 23. Qc3+ {[%clk 1:06:33]} f6 {[%clk 1:23:50]} 24. Qxb4
{[%clk 1:06:07]} Rxb4 {[%clk 1:24:13]} 25. Rb1 {[%clk 1:05:44]} Be8
{[%clk 1:23:00]} 26. b3 Bb5 27. Ne1 {[%clk 1:00:26]} c4 {[%clk 1:22:43]} 28. dxc4
{[%clk 0:59:07]} Bxc4 {[%clk 1:23:00]} 29. Nc2 {[%clk 0:57:43]} Rxb3
{[%clk 1:23:15]} 30. Rxb3 {[%clk 0:57:54]} Bxb3 {[%clk 1:23:39]} 31. Nd4
{[%clk 0:57:59]} Bc4 {[%clk 1:23:46]} 32. f3 {[%clk 0:57:51]} e5 {[%clk 1:23:23]}
33. Nc6 {[%clk 0:57:52]} f5 {[%clk 1:22:32]} 34. Kf2 {[%clk 0:56:47]} fxe4
{[%clk 1:21:38]} 35. fxe4 {[%clk 0:57:09]} Kf6 {[%clk 1:21:54]} 36. Nb4
{[%clk 0:56:51]} Ke6 {[%clk 1:20:39]} 37. Kf3 {[%clk 0:55:16]} d5
{[%clk 1:19:34]} 38. g4 {[%clk 0:54:55]} g5 {[%clk 1:17:59]} 39. Nc2
{[%clk 0:54:41]} d4 {[%clk 1:17:30]} 40. Kf2 {[%clk 0:54:39]} Bd3
{[%clk 1:17:12]} 41. Ne1 {[%clk 0:51:15]} Bxe4 42. Ke2 {[%clk 0:51:28]} Kd5
{[%clk 1:17:46]} 43. h3 {[%clk 0:51:14]} Kc4 {[%clk 1:18:07]} 44. Kd2
{[%clk 0:51:21]} Kb3 {[%clk 1:18:04]} 45. Kd1 {[%clk 0:51:14]} Kc3
{[%clk 1:18:26]} 46. Ke2 {[%clk 0:51:21]} h6 {[%clk 1:18:19]} 47. Kd1
{[%clk 0:51:24]} d3 {[%clk 1:18:40]} 48. Kc1 {[%clk 0:51:16]} d2+
{[%clk 1:19:01]} 49. Kd1 {[%clk 0:51:31]} dxe1=Q+ {[%clk 1:19:02]} 50. Kxe1
{[%clk 0:51:48]} Bg2 {[%clk 1:19:20]} 51. Kf2 {[%clk 0:52:06]} Bxh3
{[%clk 1:19:44]} 52. Kg3 {[%clk 0:52:28]} Bxg4 {[%clk 1:19:59]} 53. Kxg4
{[%clk 0:52:50]} e4 {[%clk 1:20:25]} 54. Kg3 {[%clk 0:53:09]} Kd2
{[%clk 1:20:48]} 55. Kf2 {[%clk 0:53:33]} e3+ {[%clk 1:21:13]} 56. Kg3
{[%clk 0:53:26]} e2 {[%clk 1:21:37]} 57. Kg4 {[%clk 0:53:47]} e1=Q
{[%clk 1:22:00]} 58. Kh5 {[%clk 0:54:00]} Qf2 {[%clk 1:21:55]} 59. Kg6
{[%clk 0:54:25]} h5 {[%clk 1:22:07]} 60. Kxh5 {[%clk 0:54:35]} g4
{[%clk 1:22:26]} 61. Kxg4 {[%clk 0:54:45]} Qf6 {[%clk 1:22:43]} 62. Kg3
{[%clk 0:55:10]} Qf5 {[%clk 1:23:07]} 63. Kh4 {[%clk 0:55:25]} Qg6
{[%clk 1:23:30]} 64. Kh3 {[%clk 0:55:47]} Qg5 {[%clk 1:23:53]} 65. Kh2
{[%clk 0:56:10]} Ke2 {[%clk 1:24:14]} 66. Kh1 {[%clk 0:56:28]} Kf2
{[%clk 1:24:36]} 67. Kh2 {[%clk 0:56:49]} Qh4# 0-1

[Event "NDVM 2019 U14w"]
[Site "?"]
[Date "2019.09.13"]
[Round "4.3"]
[White "Evering, Enna"]
[Black "Rosin, Ida"]
[Result "1-0"]
[BlackElo "1122"]
[WhiteElo "1604"]
[LiveChessVersion "1.4.8"]

1. e4 {[%clk 1:30:54]} e5 {[%clk 1:30:52]} 2. Nf3 {[%clk 1:31:08]} Nc6
{[%clk 1:31:13]} 3. d4 {[%clk 1:31:22]} exd4 {[%clk 1:31:25]} 4. Nxd4
{[%clk 1:31:24]} Nf6 {[%clk 1:31:19]} 5. Nxc6 {[%clk 1:31:08]} bxc6
{[%clk 1:31:15]} 6. e5 {[%clk 1:31:00]} Nd5 {[%clk 1:30:28]} 7. c4
{[%clk 1:30:20]} Nb6 {[%clk 1:30:28]} 8. Bd3 {[%clk 1:27:47]} Bc5
{[%clk 1:30:14]} 9. O-O {[%clk 1:26:44]} Qh4 {[%clk 1:30:04]} 10. Qe2
{[%clk 1:25:07]} O-O {[%clk 1:30:13]} 11. Nd2 {[%clk 1:24:24]} d6
{[%clk 1:29:29]} 12. exd6 {[%clk 1:23:06]} cxd6 {[%clk 1:29:46]} 13. Nf3
{[%clk 1:22:21]} Qf6 {[%clk 1:30:03]} 14. Bg5 {[%clk 1:18:10]} Qe6
{[%clk 1:30:01]} 15. Qc2 {[%clk 1:12:14]} f5 {[%clk 1:28:46]} 16. Rfe1
{[%clk 0:58:23]} Qg6 {[%clk 1:24:22]} 17. b3 {[%clk 0:56:08]} Bd7
{[%clk 1:22:19]} 18. a3 {[%clk 0:51:47]} Bd4 {[%clk 1:21:47]} 19. Rad1
{[%clk 0:48:21]} c5 {[%clk 1:21:38]} 20. Qd2 {[%clk 0:42:09]} Bf6
{[%clk 1:21:04]} 21. Bxf6 {[%clk 0:41:58]} Qxf6 {[%clk 1:21:23]} 22. Bc2
{[%clk 0:41:34]} Nc8 {[%clk 1:20:22]} 23. Qd5+ {[%clk 0:40:04]} Kh8
{[%clk 1:05:25]} 24. Qxa8 {[%clk 0:38:57]} Qb2 {[%clk 1:05:36]} 25. Rc1
{[%clk 0:37:40]} Qxa3 {[%clk 1:05:49]} 26. Qd5 {[%clk 0:33:54]} Nb6
{[%clk 1:06:05]} 27. Qxd6 {[%clk 0:33:55]} Rg8 {[%clk 1:05:37]} 28. Ne5
{[%clk 0:33:48]} Be8 {[%clk 1:05:07]} 29. Bxf5 {[%clk 0:33:16]} Qxb3
{[%clk 1:05:18]} 30. Be6 {[%clk 0:32:50]} h6 {[%clk 1:04:24]} 31. Bxg8
{[%clk 0:33:02]} Kxg8 {[%clk 1:04:41]} 32. Qe6+ {[%clk 0:32:56]} Kh7
{[%clk 1:04:52]} 33. Qxe8 {[%clk 0:33:16]} a5 {[%clk 1:05:04]} 34. Qg6+
{[%clk 0:33:14]} Kg8 {[%clk 1:05:19]} 35. Nc6 {[%clk 0:33:11]} Nd7
{[%clk 1:05:29]} 36. Re8+ {[%clk 0:33:31]} Nf8 {[%clk 1:05:50]} 37. Ne7+
{[%clk 0:33:51]} Kh8 {[%clk 1:05:34]} 38. Rxf8# {[%clk 0:34:15]} 1-0

[Event "NDVM 2019 U14w"]
[Site "?"]
[Date "2019.09.13"]
[Round "4.4"]
[White "Gossing, Marie-Sophie"]
[Black "Kube, Maja"]
[Result "1-0"]
[BlackElo "930"]
[WhiteElo "1120"]
[LiveChessVersion "1.4.8"]

1. e4 {[%clk 1:30:56]} e5 {[%clk 1:30:55]} 2. Nf3 Nc6 {[%clk 1:31:17]} 3. d4
{[%clk 1:30:55]} Bd6 {[%clk 1:29:09]} 4. d5 {[%clk 1:27:27]} Na5 {[%clk 1:25:35]}
5. Bd2 {[%clk 1:27:27]} b6 {[%clk 1:25:35]} 6. Bd3 {[%clk 1:25:06]} Nf6
{[%clk 1:24:55]} 7. O-O {[%clk 1:22:29]} O-O {[%clk 1:25:00]} 8. Re1
{[%clk 1:22:08]} Qe8 {[%clk 1:23:39]} 9. Nc3 {[%clk 1:19:14]} a6 {[%clk 1:22:03]}
10. Ne2 {[%clk 1:18:44]} Bc5 {[%clk 1:21:08]} 11. b4 {[%clk 1:18:33]} Bd4
{[%clk 1:19:01]} 12. Nexd4 {[%clk 1:18:20]} exd4 {[%clk 1:18:20]} 13. bxa5
{[%clk 1:18:27]} d6 {[%clk 1:17:48]} 14. e5 {[%clk 1:17:15]} Nxd5
{[%clk 1:15:24]} 15. exd6 {[%clk 1:15:49]} Qd8 {[%clk 1:11:33]} 16. dxc7
{[%clk 1:13:53]} Qxc7 {[%clk 1:11:25]} 17. Be4 {[%clk 1:13:34]} Bb7
{[%clk 1:10:57]} 18. axb6 {[%clk 1:12:04]} Qxb6 {[%clk 1:11:05]} 19. Rb1
{[%clk 1:10:46]} Qc7 {[%clk 1:09:25]} 20. Qc1 {[%clk 1:07:37]} Rae8
{[%clk 1:08:10]} 21. Nxd4 {[%clk 1:05:39]} Rxe4 {[%clk 1:01:36]} 22. Rxe4
{[%clk 1:02:57]} Nc3 {[%clk 1:00:18]} 23. Rg4 {[%clk 0:59:22]} Nxb1
{[%clk 0:59:46]} 24. Qxb1 {[%clk 0:59:38]} Bc8 {[%clk 0:57:07]} 25. Rg3
{[%clk 0:59:22]} Qd7 {[%clk 0:54:45]} 26. Nf3 {[%clk 0:58:49]} Bb7
{[%clk 0:54:19]} 27. Bc3 {[%clk 0:56:50]} Re8 {[%clk 0:52:41]} 28. Rxg7+
{[%clk 0:55:41]} Kf8 {[%clk 0:52:52]} 29. Qb4+ {[%clk 0:52:07]} Re7
{[%clk 0:52:34]} 30. h3 {[%clk 0:47:44]} Qd1+ {[%clk 0:51:46]} 31. Kh2
{[%clk 0:44:34]} Qxc2 {[%clk 0:49:36]} 32. Bf6 {[%clk 0:44:16]} Qc7+
{[%clk 0:48:56]} 33. Kh1 {[%clk 0:43:21]} a5 {[%clk 0:47:48]} 34. Qa3
{[%clk 0:40:52]} Ke8 {[%clk 0:47:28]} 35. Rg8+ {[%clk 0:40:20]} Kd7
{[%clk 0:47:30]} 36. Qxe7+ {[%clk 0:40:43]} 1-0

[Event "NDVM 2019 U14w"]
[Site "?"]
[Date "2019.09.13"]
[Round "4.5"]
[White "Hubert, Charlotte"]
[Black "Berghold, Lotta"]
[Result "1/2-1/2"]
[BlackElo "1471"]
[WhiteElo "1574"]
[LiveChessVersion "1.4.8"]

1. e4 {[%clk 1:30:56]} b6 {[%clk 1:30:57]} 2. d4 {[%clk 1:31:12]} Bb7
{[%clk 1:31:22]} 3. Bd3 {[%clk 1:31:17]} e6 {[%clk 1:31:06]} 4. Nf3
{[%clk 1:31:26]} Nf6 {[%clk 1:31:28]} 5. e5 {[%clk 1:24:51]} Nd5 {[%clk 1:30:56]}
6. O-O {[%clk 1:22:09]} c5 {[%clk 1:28:18]} 7. c3 {[%clk 1:19:58]} Be7
{[%clk 1:26:29]} 8. Nbd2 {[%clk 1:16:33]} O-O {[%clk 1:21:37]} 9. Ne4
{[%clk 1:11:35]} d6 {[%clk 1:19:40]} 10. exd6 {[%clk 1:03:06]} Bxd6
{[%clk 1:20:02]} 11. Nxd6 {[%clk 1:03:13]} Qxd6 {[%clk 1:20:23]} 12. dxc5
{[%clk 0:52:41]} Qxc5 {[%clk 1:19:31]} 13. c4 {[%clk 0:46:40]} Nf6
{[%clk 1:18:03]} 14. b3 {[%clk 0:40:29]} Nbd7 {[%clk 1:08:05]} 15. Bb2
{[%clk 0:37:52]} h6 {[%clk 1:04:25]} 16. Qe2 {[%clk 0:34:52]} Rfd8
{[%clk 1:00:05]} 17. Rad1 {[%clk 0:33:35]} Qc7 {[%clk 0:43:37]} 18. Bxf6
{[%clk 0:26:31]} Nxf6 {[%clk 0:38:33]} 19. Qe5 {[%clk 0:25:33]} 1/2-1/2

[Event "NDVM 2019 U14w"]
[Site "?"]
[Date "2019.09.13"]
[Round "4.6"]
[White "Mueller, Helene"]
[Black "Wartenberg, Alissa"]
[Result "1/2-1/2"]
[BlackElo "1350"]
[WhiteElo "1476"]
[LiveChessVersion "1.4.8"]

1. e4 {[%clk 1:30:57]} e5 {[%clk 1:30:58]} 2. Nf3 {[%clk 1:31:21]} Nc6
{[%clk 1:31:23]} 3. Bc4 {[%clk 1:31:47]} Nf6 {[%clk 1:31:43]} 4. d3
{[%clk 1:32:09]} Bc5 {[%clk 1:31:32]} 5. c3 {[%clk 1:32:26]} a6 {[%clk 1:29:58]}
6. b4 {[%clk 1:32:07]} Ba7 {[%clk 1:30:13]} 7. Nbd2 {[%clk 1:32:28]} O-O
{[%clk 1:30:29]} 8. O-O {[%clk 1:32:54]} d6 {[%clk 1:30:23]} 9. Re1
{[%clk 1:33:04]} h6 {[%clk 1:29:21]} 10. Nf1 {[%clk 1:33:12]} Re8
{[%clk 1:24:55]} 11. Ng3 {[%clk 1:33:00]} Be6 {[%clk 1:23:14]} 12. Bb3
{[%clk 1:31:23]} Bxb3 {[%clk 1:18:02]} 13. Qxb3 {[%clk 1:31:47]} Ng4
{[%clk 1:15:47]} 14. Re2 {[%clk 1:29:52]} Nf6 {[%clk 1:09:16]} 15. Be3
{[%clk 1:26:49]} Ne7 {[%clk 1:06:06]} 16. Nh4 {[%clk 1:25:19]} c6
{[%clk 1:05:44]} 17. Nhf5 {[%clk 1:09:50]} Bxe3 {[%clk 1:03:06]} 18. Rxe3
{[%clk 1:05:55]} d5 {[%clk 1:02:12]} 19. exd5 {[%clk 1:05:05]} Nexd5
{[%clk 1:02:04]} 20. Ree1 {[%clk 1:00:09]} Nf4 {[%clk 0:58:04]} 21. Ne4
{[%clk 0:55:37]} Nxe4 {[%clk 0:56:38]} 22. dxe4 {[%clk 0:53:24]} b5
{[%clk 0:52:44]} 23. Rad1 {[%clk 0:45:37]} Qc7 {[%clk 0:50:48]} 24. a4
{[%clk 0:38:02]} Rad8 {[%clk 0:41:36]} 25. axb5 {[%clk 0:33:51]} cxb5
{[%clk 0:41:34]} 26. Ra1 {[%clk 0:32:49]} Qb7 {[%clk 0:39:58]} 27. Qc2
{[%clk 0:27:55]} 1/2-1/2

[Event "NDVM 2019 U14w"]
[Site "?"]
[Date "2019.09.13"]
[Round "4.7"]
[White "Modali, Nikhilamrutha"]
[Black "Kluehs, Isabel"]
[Result "1-0"]
[BlackElo "1312"]
[WhiteElo "1029"]
[LiveChessVersion "1.4.8"]

1. e4 {[%clk 1:30:58]} c5 {[%clk 1:30:54]} 2. Nf3 {[%clk 1:31:20]} Nc6
{[%clk 1:31:20]} 3. d4 {[%clk 1:31:40]} cxd4 {[%clk 1:31:46]} 4. Nxd4
{[%clk 1:32:00]} Nf6 {[%clk 1:32:11]} 5. Nc3 {[%clk 1:32:22]} e5 {[%clk 1:32:26]}
6. Nb3 {[%clk 1:32:46]} Bb4 {[%clk 1:32:47]} 7. Bc4 {[%clk 1:32:31]} O-O
{[%clk 1:32:46]} 8. Bd2 {[%clk 1:32:42]} Bxc3 {[%clk 1:32:40]} 9. Bxc3
{[%clk 1:33:02]} Nxe4 {[%clk 1:32:23]} 10. O-O {[%clk 1:31:57]} Nxc3
{[%clk 1:32:39]} 11. bxc3 {[%clk 1:32:17]} d6 {[%clk 1:32:29]} 12. Qd3
{[%clk 1:30:38]} Qf6 {[%clk 1:32:01]} 13. Nd2 {[%clk 1:29:08]} Ne7
{[%clk 1:31:30]} 14. Ne4 {[%clk 1:28:34]} Qh6 {[%clk 1:30:44]} 15. Nxd6
{[%clk 1:27:24]} b6 {[%clk 1:29:18]} 16. Rfe1 {[%clk 1:23:52]} Nc6
{[%clk 1:29:21]} 17. Bb5 {[%clk 1:22:14]} Na5 {[%clk 1:26:17]} 18. Rxe5
{[%clk 1:20:46]} Bb7 {[%clk 1:24:54]} 19. Ba4 {[%clk 1:17:09]} Qf4
{[%clk 1:24:22]} 20. Re7 {[%clk 1:11:21]} Qxa4 {[%clk 1:22:49]} 21. Nxb7
{[%clk 1:08:55]} Nxb7 {[%clk 1:23:13]} 22. Rxb7 {[%clk 1:09:18]} Qc6
{[%clk 1:23:22]} 23. Re7 {[%clk 1:07:14]} Rfd8 {[%clk 1:20:04]} 24. Qf5
{[%clk 1:05:01]} Qd6 {[%clk 1:20:20]} 25. Qxf7+ 1-0

[Event "NDVM 2019 U14w"]
[Site "?"]
[Date "2019.09.13"]
[Round "4.8"]
[White "Hafermann, Lara"]
[Black "Krasikova, Milana"]
[Result "1-0"]
[BlackElo "1060"]
[WhiteElo "800"]
[LiveChessVersion "1.4.8"]

1. d4 {[%clk 1:30:58]} d5 {[%clk 1:30:58]} 2. Nf3 {[%clk 1:31:22]} Nc6
{[%clk 1:31:23]} 3. e3 {[%clk 1:31:46]} Nf6 {[%clk 1:31:48]} 4. Bd3
{[%clk 1:32:08]} Bg4 {[%clk 1:32:10]} 5. h3 {[%clk 1:32:29]} Bh5 {[%clk 1:32:35]}
6. g4 {[%clk 1:32:52]} Bg6 {[%clk 1:33:00]} 7. Ne5 {[%clk 1:32:22]} Bxd3
{[%clk 1:32:35]} 8. Qxd3 {[%clk 1:32:45]} Nxe5 {[%clk 1:32:45]} 9. dxe5
{[%clk 1:33:10]} Ne4 {[%clk 1:32:04]} 10. Qb5+ {[%clk 1:32:41]} c6
{[%clk 1:31:22]} 11. Qxb7 {[%clk 1:32:44]} c5 {[%clk 1:28:30]} 12. Qc6+
{[%clk 1:32:34]} Qd7 {[%clk 1:28:20]} 13. Qxa8+ {[%clk 1:32:53]} Qd8
{[%clk 1:28:30]} 14. Qxd8+ {[%clk 1:33:16]} Kxd8 {[%clk 1:28:50]} 15. Nd2
{[%clk 1:33:32]} Ng5 {[%clk 1:29:01]} 16. Nb3 {[%clk 1:33:34]} e6
{[%clk 1:29:09]} 17. Bd2 {[%clk 1:33:07]} f6 {[%clk 1:27:34]} 18. O-O-O
{[%clk 1:33:08]} Ne4 {[%clk 1:27:50]} 19. Rhf1 {[%clk 1:33:04]} fxe5
{[%clk 1:27:29]} 20. f3 {[%clk 1:32:45]} Nf6 {[%clk 1:26:55]} 21. f4
{[%clk 1:32:19]} e4 {[%clk 1:26:46]} 22. Bc3 {[%clk 1:31:54]} h5 {[%clk 1:24:24]}
23. Bxf6+ {[%clk 1:32:02]} gxf6 {[%clk 1:24:39]} 24. f5 {[%clk 1:32:14]} e5
{[%clk 1:24:45]} 25. Rxd5+ {[%clk 1:32:33]} Kc7 {[%clk 1:25:00]} 26. Rfd1
{[%clk 1:32:21]} Kc6 {[%clk 1:24:33]} 27. Rd8 {[%clk 1:31:54]} hxg4
{[%clk 1:24:19]} 28. hxg4 {[%clk 1:32:05]} Rg8 {[%clk 1:24:31]} 29. Nxc5
{[%clk 1:32:01]} Kxc5 {[%clk 1:24:47]} 30. Rg1 {[%clk 1:32:15]} Kc6
{[%clk 1:25:03]} 31. Rb8 {[%clk 1:31:57]} Kc7 {[%clk 1:25:25]} 32. Rb3
{[%clk 1:32:20]} Bc5 {[%clk 1:25:34]} 33. Rc3 {[%clk 1:31:58]} Kb6
{[%clk 1:25:53]} 34. Kd2 {[%clk 1:32:05]} Bb4 {[%clk 1:26:05]} 35. a4
{[%clk 1:32:10]} Bxc3+ {[%clk 1:26:14]} 36. Kxc3 {[%clk 1:32:35]} Rc8+
{[%clk 1:26:41]} 37. Kb3 {[%clk 1:32:54]} Ka5 {[%clk 1:26:55]} 38. Rd1
{[%clk 1:32:38]} Rb8+ {[%clk 1:26:58]} 39. Ka3 {[%clk 1:33:01]} a6
{[%clk 1:27:06]} 40. Rd5+ {[%clk 1:32:57]} Kb6 {[%clk 1:27:25]} 41. Rd6+
{[%clk 1:33:18]} Ka7 {[%clk 1:27:30]} 42. Rxf6 {[%clk 1:33:32]} Kb7
{[%clk 1:27:54]} 43. g5 {[%clk 1:33:47]} Kc7 {[%clk 1:28:00]} 44. Rxa6
{[%clk 1:33:55]} Kd7 {[%clk 1:28:22]} 45. Re6 {[%clk 1:33:18]} Rg8
{[%clk 1:25:16]} 46. Rxe5 {[%clk 1:33:04]} Rxg5 {[%clk 1:25:30]} 47. Rxe4
{[%clk 1:33:29]} Rxf5 {[%clk 1:25:52]} 48. Rd4+ {[%clk 1:33:25]} Kc6
{[%clk 1:26:01]} 49. Rd2 {[%clk 1:33:07]} Kc5 {[%clk 1:26:06]} 50. Re2
{[%clk 1:33:05]} Re5 {[%clk 1:26:04]} 51. b3 {[%clk 1:33:01]} Re4
{[%clk 1:26:05]} 52. Kb2 {[%clk 1:33:20]} Kb4 {[%clk 1:26:16]} 53. c3+
{[%clk 1:33:37]} Ka5 {[%clk 1:26:17]} 54. Kc2 {[%clk 1:33:53]} Kb6
{[%clk 1:25:39]} 55. Kd3 {[%clk 1:34:12]} Re5 {[%clk 1:25:50]} 56. Kd4
{[%clk 1:34:00]} Re6 {[%clk 1:26:13]} 57. c4 {[%clk 1:33:59]} Ka5
{[%clk 1:26:26]} 58. Kc3 {[%clk 1:34:18]} Kb6 {[%clk 1:26:47]} 59. e4
{[%clk 1:34:37]} Ka5 {[%clk 1:26:59]} 60. e5 {[%clk 1:35:00]} Kb6
{[%clk 1:27:11]} 61. Kb4 {[%clk 1:34:10]} Kb7 {[%clk 1:27:29]} 62. a5
{[%clk 1:34:06]} Ka6 {[%clk 1:27:52]} 63. Ka4 {[%clk 1:34:14]} Kb7
{[%clk 1:28:15]} 64. b4 {[%clk 1:34:35]} Ka6 {[%clk 1:28:07]} 65. b5+
{[%clk 1:34:26]} Kb7 {[%clk 1:27:33]} 66. a6+ {[%clk 1:34:42]} Ka7
{[%clk 1:27:56]} 67. c5 {[%clk 1:34:34]} Kb8 {[%clk 1:28:13]} 68. Ka5
{[%clk 1:34:47]} Ka7 {[%clk 1:28:30]} 69. b6+ {[%clk 1:34:59]} Kb8
{[%clk 1:28:41]} 70. a7+ {[%clk 1:34:51]} Kc8 {[%clk 1:28:42]} 71. a8=Q+
{[%clk 1:35:03]} Kd7 {[%clk 1:29:05]} 72. Kb5 {[%clk 1:34:46]} Ke7
{[%clk 1:29:12]} 73. Qc6 {[%clk 1:34:36]} Rxc6 {[%clk 1:29:29]} 74. Kxc6
{[%clk 1:35:02]} Kd8 {[%clk 1:29:50]} 75. Rd2+ {[%clk 1:35:03]} Kc8
{[%clk 1:30:10]} 76. Rd7 {[%clk 1:35:17]} Kb8 {[%clk 1:30:28]} 77. e6
{[%clk 1:35:46]} Kc8 {[%clk 1:30:48]} 78. e7 {[%clk 1:36:11]} Kb8
{[%clk 1:31:13]} 79. e8=R# 1-0

[Event "NDVM 2019 U14w"]
[Site "?"]
[Date "2019.09.13"]
[Round "4.9"]
[White "Fayngold, Sophie Olivia"]
[Black "Pikki, Daria"]
[Result "1-0"]
[BlackElo "1210"]
[WhiteElo "1581"]
[LiveChessVersion "1.4.8"]

1. e4 {[%clk 1:30:59]} e5 {[%clk 1:30:55]} 2. Nf3 {[%clk 1:31:26]} Nc6
{[%clk 1:31:14]} 3. Bc4 {[%clk 1:31:53]} Nf6 {[%clk 1:31:36]} 4. d3
{[%clk 1:32:19]} Bc5 {[%clk 1:31:39]} 5. Bg5 {[%clk 1:32:44]} h6 {[%clk 1:31:55]}
6. Bh4 {[%clk 1:33:10]} d6 {[%clk 1:29:59]} 7. Nc3 g5 8. Bg3 {[%clk 1:33:47]} Bg4
{[%clk 1:29:35]} 9. Qd2 {[%clk 1:33:04]} Qd7 {[%clk 1:28:41]} 10. Nd5
{[%clk 1:32:48]} Nxd5 {[%clk 1:27:32]} 11. Bxd5 {[%clk 1:31:28]} Be6
{[%clk 1:26:08]} 12. Bb3 {[%clk 1:30:59]} O-O-O {[%clk 1:24:30]} 13. c3
{[%clk 1:29:59]} Kb8 {[%clk 1:22:39]} 14. O-O-O {[%clk 1:28:02]} Na5
{[%clk 1:19:18]} 15. Bxe6 {[%clk 1:28:13]} Qxe6 {[%clk 1:17:30]} 16. b4
{[%clk 1:28:18]} Bxb4 {[%clk 1:15:24]} 17. cxb4 {[%clk 1:28:27]} Nc6
{[%clk 1:14:27]} 18. Qb2 {[%clk 1:26:12]} a6 {[%clk 1:12:19]} 19. Nd2
{[%clk 1:24:55]} Nd4 {[%clk 1:09:07]} 20. Kb1 {[%clk 1:24:15]} Rhf8
{[%clk 1:06:08]} 21. f3 {[%clk 1:22:21]} f5 {[%clk 1:02:50]} 22. Bf2
{[%clk 1:19:44]} Nb5 {[%clk 1:02:35]} 23. a4 {[%clk 1:19:30]} Na7
{[%clk 1:02:44]} 24. b5 {[%clk 1:14:29]} axb5 {[%clk 1:02:26]} 25. axb5
{[%clk 1:14:37]} b6 {[%clk 1:02:32]} 26. Kc2 {[%clk 1:13:13]} Qd7
{[%clk 1:01:38]} 27. Rb1 {[%clk 1:11:51]} fxe4 {[%clk 1:00:29]} 28. dxe4
{[%clk 1:11:28]} Kb7 {[%clk 0:59:57]} 29. Qb3 {[%clk 1:06:15]} Rc8
{[%clk 0:59:13]} 30. Rhc1 {[%clk 1:01:32]} Rfd8 {[%clk 0:58:20]} 31. Nc4
{[%clk 0:56:40]} h5 {[%clk 0:54:01]} 32. Qa4 {[%clk 0:41:39]} Ra8
{[%clk 0:51:21]} 33. Qa6+ {[%clk 0:39:02]} Kb8 {[%clk 0:51:26]} 34. Nxb6
{[%clk 0:37:29]} cxb6 {[%clk 0:48:29]} 35. Qxb6+ {[%clk 0:37:29]} Qb7
{[%clk 0:48:47]} 36. Qxd8+ {[%clk 0:37:46]} Qc8+ {[%clk 0:49:07]} 37. Qxc8+ Nxc8
{[%clk 0:49:13]} 38. Kd3 {[%clk 0:37:38]} Ra3+ {[%clk 0:48:49]} 39. Kc4
{[%clk 0:37:33]} Ra2 {[%clk 0:48:16]} 40. Be3 {[%clk 0:36:17]} Rxg2
{[%clk 0:47:39]} 41. b6 {[%clk 0:36:16]} Kb7 {[%clk 0:46:20]} 42. Kd5
{[%clk 0:36:20]} Rxh2 {[%clk 0:45:17]} 43. Bxg5 {[%clk 0:35:57]} Rf2
{[%clk 0:45:02]} 44. Rc7+ {[%clk 0:35:57]} Kb8 {[%clk 0:44:49]} 45. b7
{[%clk 0:33:55]} Kxc7 {[%clk 0:43:22]} 46. b8=Q+ {[%clk 0:34:05]} Kd7
{[%clk 0:43:37]} 47. Rb7+ {[%clk 0:34:24]} Ke8 {[%clk 0:43:35]} 48. Qxc8#
{[%clk 0:34:44]} 1-0